When does a tree preservation order protect? (Record no. 80618)

MARC details
000 -LEADER
fixed length control field 01329cab a22002295a 4500
001 - CONTROL NUMBER
control field L144860
008 - FIXED-LENGTH DATA ELEMENTS--GENERAL INFORMATION
fixed length control field 080814s2008 xxk f g 000 0 eng d
035 ## - SYSTEM CONTROL NUMBER
System control number (Sirsi) u144860
041 0# - LANGUAGE CODE
Language code of text/sound track or separate title eng
100 1# - MAIN ENTRY--PERSONAL NAME
Personal name Findlay, James
245 00 - TITLE STATEMENT
Title When does a tree preservation order protect?
260 ## - PUBLICATION, DISTRIBUTION, ETC.
Date of publication, distribution, etc. 2008
490 ## - SERIES STATEMENT
Series statement Journal of Planning and Environment Law
Volume/sequential designation (Issue 5) 2008, 615-618(4)
520 ## - SUMMARY, ETC.
Summary, etc. Discusses the appeal that resulted after Perrin and another v Northampton BC (L142708), a case in which the verdict has subsequently been overturned. The authors look at the comments made by the appeal court judges in relation to exemptions under the Town and Country Planning Act 1990. They also explore how the judges chose to define the term "nuisance" as used in the Act. Suggests that while there are still strong safeguards in place to prevent the destruction of protected trees, this does not mean that all cases will be treated in a similar manner and that each case should be judged on its relative merits.
650 24 - SUBJECT ADDED ENTRY--TOPICAL TERM
Topical term or geographic name entry element PERRIN & RAMAGE V NORTHAMPTON BC
650 24 - SUBJECT ADDED ENTRY--TOPICAL TERM
Topical term or geographic name entry element TOWN AND COUNTRY PLANNING ACT 1990
651 #4 - SUBJECT ADDED ENTRY--GEOGRAPHIC NAME
Geographic name England and Wales
Chronological subdivision 1543-
690 ## - LOCAL SUBJECT ADDED ENTRY--TOPICAL TERM (OCLC, RLIN)
Topical term or geographic name as entry element ENVIRONMENTAL AND LAND CONSULTANCY-PLANNING AND DEVELOPMENT-DEVELOPMENT CONTROL
700 1# - ADDED ENTRY--PERSONAL NAME
Personal name Kohli, Ryan
700 1# - ADDED ENTRY--PERSONAL NAME
Personal name Ricciardiello, Colin
942 ## - ADDED ENTRY ELEMENTS (KOHA)
Suppress in OPAC 0
Holdings
Withdrawn status Lost status Source of classification or shelving scheme Damaged status Not for loan Home library Current library Shelving location Date acquired Total Checkouts Full call number Barcode Date last seen Copy number Price effective from Koha item type
    Dewey Decimal Classification     London London Journal article 14/08/2008   L144860 144860-1001 06/08/2019 1 06/08/2019 Journal article